Estadísticas para Países con el mayor número de aeropuertos

Haz click aquí para intentar la prueba.

Estadísticas generales

  • Esta prueba ha sido intentada 3.198 veces
    (1.584 desde el último reinicio)
  • La puntuación promedio es 16 de 20

Estadísticas de respuestas

#País% Correcto
531China
99%
15.873Estados Unidos
99%
363España
98%
904Rusia
98%
689Francia
97%
1.425Canadá
96%
838Alemania
95%
756Argentina
95%
4.919Brasil
95%
1.485México
95%
636Italia
91%
1.043Reino Unido
91%
2.180Australia
90%
374Chile
82%
662Colombia
82%
575Sudáfrica
73%
513Indonesia
68%
502Venezuela
62%
370Kenia
16%
535Papúa Nueva Guinea
14%

Distribución de puntuación

Porcentaje por número respondido

Porcentaje de gente con cada puntuación

Historial de tus puntuaciones

No has intentado esta prueba desde el último reinicio